00146 a2200073 450000100060000010000160000624500220002226000280004431403 aKosko, Bart aFuzzy engineering aN.JbPrentice Halc1997